[Event "Unterfranken-ch HB 48th"]
[Site "Bergrheinfeld"]
[Date "1997.??.??"]
[Round "3"]
[White "Mauder, Maximilian"]
[Black "Heidenbluth, Karl"]
[Result "1/2-1/2"]
[WhiteElo "1223"]
[BlackElo "1441"]
[PlyCount "52"]
[EventDate "1997.03.31"]
[EventType "swiss"]
[EventRounds "9"]
[EventCountry "GER"]
[SourceTitle "EXT 2015"]
[Source "ChessBase"]
[SourceDate "2014.11.20"]
[SourceVersion "1"]
[SourceVersionDate "2014.11.20"]
[SourceQuality "1"]

1. g3 d5 2. Bg2 e5 3. b3 Be6 4. Bb2 Nc6 5. d3 Nge7 6. Nf3 Ng6 7. Nbd2 Qd7 8. 0-0 Be7 9. e4 d4 10. Nc4 Bg4 11. Ba3 Bxa3 12. Nxa3 0-0 13. Nb1 f5 14. Nbd2 f4 15. Qc1 Bh3 16. c3 Bxg2 17. Kxg2 Qg4 18. c4 Nb4 19. Qb1 Rf6 20. a3 Nc6 21. Qd1 Raf8 22. Ng1 Qg5 23. Ngf3 Qg4 24. Ng1 Qe6 25. Ngf3 Nge7 26. b4 Rh6 1/2-1/2

[Event "Unterfranken-ch HB 48th"]
[Site "Bergrheinfeld"]
[Date "1997.??.??"]
[Round "6"]
[White "Neuburger, Irene"]
[Black "Mauder, Maximilian"]
[Result "1/2-1/2"]
[WhiteElo "1370"]
[BlackElo "1223"]
[PlyCount "33"]
[EventDate "1997.03.31"]
[EventType "swiss"]
[EventRounds "9"]
[EventCountry "GER"]
[SourceTitle "EXT 2015"]
[Source "ChessBase"]
[SourceDate "2014.11.20"]
[SourceVersion "1"]
[SourceVersionDate "2014.11.20"]
[SourceQuality "1"]

1. d4 Nf6 2. c4 g6 3. Nf3 Bg7 4. Nc3 b6 5. e3 d6 6. Be2 Nbd7 7. b3 c5 8. d5 Ne4 9. Nxe4 Bxa1 10. 0-0 Bg7 11. Ng3 Ne5 12. e4 Nxf3+ 13. Bxf3 e5 14. dxe6 Bxe6 15. Bf4 Be5 16. Bxe5 dxe5 17. Qc1 1/2-1/2